The Lorenz Consultancy Limited v Fox-Davies Capital Limited (Record no. 83109)

MARC details
000 -LEADER
fixed length control field 01269cad a22001935a 4500
001 - CONTROL NUMBER
control field L152829
008 - FIXED-LENGTH DATA ELEMENTS--GENERAL INFORMATION
fixed length control field 110504e20110317xxk 000 0 eng d
035 ## - SYSTEM CONTROL NUMBER
System control number (Sirsi) u152829
041 0# - LANGUAGE CODE
Language code of text/sound track or separate title eng
245 04 - TITLE STATEMENT
Title The Lorenz Consultancy Limited v Fox-Davies Capital Limited
260 ## - PUBLICATION, DISTRIBUTION, ETC.
Date of publication, distribution, etc. 2011
520 ## - SUMMARY, ETC.
Summary, etc. [2011] EWHC 574 (Ch) 17 March 2011. Can an agent recover commission on securing a property for a client with whom it had no direct contact? Claimant commercial agent (L) sought commission from defendant investment bank (F) for introducing F to a property. A third party (R), a prospective purchaser of F which was failing, entered into negotiations with L as to L's fee. F denied liability on the basis that it had never instructed L and that R had no authority to enter into a contract with L on behalf of F. "Held": F was not liable to pay commission to L - only R could have been liable as he contracted with L on his own behalf.
590 ## - LOCAL NOTE (RLIN)
Local note KA
650 24 - SUBJECT ADDED ENTRY--TOPICAL TERM
Topical term or geographic name entry element THE LORENZ CONSULTANCY LTD V FOX-DAVIES CAPITAL LTD
651 #4 - SUBJECT ADDED ENTRY--GEOGRAPHIC NAME
Geographic name England and Wales
Chronological subdivision 1543-
690 ## - LOCAL SUBJECT ADDED ENTRY--TOPICAL TERM (OCLC, RLIN)
Topical term or geographic name as entry element PROPERTY-COMMERCIAL PROPERTY-COMMERCIAL PROPERTY AGENCY
856 40 - ELECTRONIC LOCATION AND ACCESS
Uniform Resource Identifier <a href="https://www.bailii.org/ew/cases/EWHC/Ch/2011/574.html">https://www.bailii.org/ew/cases/EWHC/Ch/2011/574.html</a>
Public note View the late report free of charge at www.bailii.org
942 ## - ADDED ENTRY ELEMENTS (KOHA)
Suppress in OPAC 0
Holdings
Withdrawn status Lost status Source of classification or shelving scheme Damaged status Not for loan Home library Current library Shelving location Date acquired Total Checkouts Full call number Barcode Date last seen Copy number Price effective from Koha item type
    Dewey Decimal Classification     Virtual Virtual Online 04/05/2011   ONLINE PUBLICATION 152829-2001 06/08/2019 1 06/08/2019 Law report